Disarming words (Record no. 118648)
[ view plain ]
| 000 -LEADER | |
|---|---|
| fixed length control field | 01642nam a2200397 a 4500 |
| 082 04 - DEWEY DECIMAL CLASSIFICATION NUMBER | |
| Classification number | 418/.02 |
| 100 1# - MAIN ENTRY--AUTHOR NAME | |
| Personal name | Tageldin, Shaden M. |
| 245 10 - TITLE STATEMENT | |
| Title | Disarming words |
| 260 ## - PUBLICATION, DISTRIBUTION, ETC. (IMPRINT) | |
| Place of publication | Berkeley, Calif. : |
| Name of publisher | University of California Press, |
| Year of publication | 2011. |
| 300 ## - PHYSICAL DESCRIPTION | |
| Number of Pages | xvii, 348 p. : |
| Other physical details | ill. |
| 490 1# - SERIES STATEMENT | |
| Series statement | FlashPoints ; |
| 500 ## - GENERAL NOTE | |
| General note | Thesis (Ph.D.)--University of California, Berkeley, 2004. |
| 650 #0 - SUBJECT ADDED ENTRY--TOPICAL TERM | |
| Topical Term | Translating and interpreting |
| Topical Term | Translating and interpreting |
| Topical Term | Postcolonialism |
| Topical Term | Comparative literature |
| Topical Term | Comparative literature |
| Topical Term | Language and languages in literature. |
| 856 40 - ELECTRONIC LOCATION AND ACCESS | |
| Uniform Resource Identifier | http://site.ebrary.com/lib/rucke/Doc?id=10480822 |
No items available.
